[Event "World Blitz Championship"]
[Site "Moscow RUS"]
[Date "2009.11.18"]
[EventDate "2009.11.16"]
[Round "39"]
[Result "1-0"]
[White "Arkadij Naiditsch"]
[Black "Levon Aronian"]
[WhiteElo "2689"]
[BlackElo "2786"]
[PlyCount "81"]

1. e4 e5 2. Nf3 Nc6 3. Bb5 Nge7 4. c3 g6 5. O-O a6 6. Bxc6
Nxc6 7. d4 d6 8. d5 Ne7 9. c4 Bg7 10. Nc3 O-O 11. Ne1 f5
12. Nd3 f4 13. f3 g5 14. c5 Ng6 15. b4 h5 16. b5 g4 17. b6
cxb6 18. cxd6 Qxd6 19. a4 Qf6 20. Ba3 Rf7 21. d6 Be6 22. Qe2
Bf8 23. Rab1 Rc8 24. Nd5 Bxd5 25. exd5 gxf3 26. gxf3 Bxd6
27. Rxb6 Rd8 28. Kh1 Rg7 29. Rg1 Qf8 30. Rxd6 Rxd6 31. Nf2 Nh4
32. Rd1 Qd8 33. Bxd6 Qxd6 34. Ne4 Qd8 35. d6 Rg2 36. Qc4+ Kh8
37. Qf7 Rg7 38. Qf6 Qxf6 39. Nxf6 Nxf3 40. d7 Rxd7 41. Rxd7
1-0

[Event "World Blitz Championship"]
[Site "Moscow RUS"]
[Date "2009.11.18"]
[EventDate "2009.11.16"]
[Round "42"]
[Result "1-0"]
[White "Vassily Ivanchuk"]
[Black "Arkadij Naiditsch"]
[WhiteElo "2739"]
[BlackElo "2689"]
[PlyCount "81"]

1. e4 c5 2. Nc3 d6 3. f4 Nc6 4. Nf3 g6 5. Bb5 Bg7 6. Bxc6+
bxc6 7. O-O Nf6 8. d3 O-O 9. Qe1 Bg4 10. b3 Bxf3 11. Rxf3 Nd7
12. Bd2 f5 13. exf5 Rxf5 14. Qe6+ Rf7 15. Re1 Nf8 16. Qe2 Qd7
17. Na4 Re8 18. Bc3 Bxc3 19. Nxc3 e5 20. Ne4 Kg7 21. fxe5 Rxe5
22. Ref1 Rxf3 23. Qxf3 Qe7 24. Nxd6 Ne6 25. Ne8+ Kg8 26. Nf6+
Kg7 27. Ne4 Nd4 28. Qd1 Rf5 29. c3 Rxf1+ 30. Qxf1 Nf5 31. Qf2
c4 32. bxc4 Qa3 33. Qd2 Qa5 34. h3 h5 35. Qf2 Qa3 36. Kh2 a5
37. g4 hxg4 38. hxg4 Ne7 39. Qf6+ Kg8 40. Kg3 a4 41. Ng5 1-0

[Event "Aeroflot Open"]
[Site "Moscow RUS"]
[Date "2010.02.09"]
[EventDate "2010.02.09"]
[Round "1"]
[Result "1/2-1/2"]
[White "Arkadij Naiditsch"]
[Black "Jaan Ehlvest"]
[WhiteElo "2687"]
[BlackElo "2600"]
[PlyCount "55"]

1. e4 e5 2. Nf3 Nc6 3. Bb5 Bc5 4. O-O Nd4 5. Nxd4 Bxd4 6. c3
Bb6 7. d4 c6 8. Ba4 d6 9. Na3 Nf6 10. Bg5 h6 11. Bxf6 Qxf6
12. d5 Bd7 13. Nc4 Bc7 14. Qd3 O-O 15. dxc6 bxc6 16. Rad1 Rfd8
17. Ne3 h5 18. b4 a6 19. Kh1 Qf4 20. f3 h4 21. Rd2 g6 22. Qe2
Kg7 23. Rfd1 f5 24. Bc2 Be6 25. c4 Rab8 26. a3 Bb6 27. Rxd6
Rxd6 28. Rxd6 1/2-1/2

[Event "Poikovsky Tournament"]
[Site "Poikovsky RUS"]
[Date "2010.06.02"]
[EventDate "2010.06.02"]
[Round "1"]
[Result "1/2-1/2"]
[White "Arkadij Naiditsch"]
[Black "Nikita Vitiugov"]
[WhiteElo "2686"]
[BlackElo "2707"]
[PlyCount "65"]

1. e4 e6 2. d4 d5 3. Nc3 Nf6 4. Bg5 dxe4 5. Nxe4 Nbd7 6. Nf3
h6 7. Nxf6+ Nxf6 8. Be3 Nd5 9. Bd2 c5 10. Bb5+ Bd7 11. Bxd7+
Qxd7 12. c4 Nb6 13. Rc1 Be7 14. dxc5 Bxc5 15. b4 Be7 16. c5
Nd5 17. Ne5 Qc7 18. Qa4+ Kf8 19. Nc4 h5 20. O-O h4 21. h3 Rh5
22. Rfd1 a6 23. Qb3 Rd8 24. a3 Kg8 25. Be3 Rf5 26. Rd3 Nf4
27. Rxd8+ Qxd8 28. Qc2 Qd5 29. Bxf4 Rxf4 30. Ne3 Qe5 31. Nc4
Qd5 32. Ne3 Qe5 33. Nc4 1/2-1/2

[Event "Poikovsky Tournament"]
[Site "Poikovsky RUS"]
[Date "2010.06.03"]
[EventDate "2010.06.02"]
[Round "2"]
[Result "1-0"]
[White "Sergey Karjakin"]
[Black "Arkadij Naiditsch"]
[WhiteElo "2739"]
[BlackElo "2686"]
[PlyCount "71"]

1. e4 e5 2. Nf3 Nc6 3. Bb5 Nf6 4. O-O Nxe4 5. d4 Nd6 6. Bxc6
dxc6 7. dxe5 Nf5 8. Qxd8+ Kxd8 9. Nc3 Ne7 10. Ne4 h6 11. Rd1+
Ke8 12. Nd4 Ng6 13. f4 Nh4 14. b3 Bg4 15. Re1 c5 16. Nb5 Kd7
17. c4 Kc6 18. Kf2 Be7 19. h3 Bd7 20. g4 h5 21. f5 hxg4
22. hxg4 Nxf5 23. gxf5 Rh2+ 24. Kg1 Rah8 25. Ng3 R2h3 26. Bf4
a6 27. Na7+ Kb6 28. e6 Bd6 29. Bxd6 cxd6 30. exd7 Rxg3+
31. Kf2 Rgh3 32. Re8 Rh2+ 33. Ke1 Rh1+ 34. Kd2 R8h2+ 35. Kc3
Rh3+ 36. Kb2 1-0

[Event "Poikovsky Tournament"]
[Site "Poikovsky RUS"]
[Date "2010.06.09"]
[EventDate "2010.06.02"]
[Round "7"]
[Result "1-0"]
[White "Arkadij Naiditsch"]
[Black "Emil Sutovsky"]
[WhiteElo "2686"]
[BlackElo "2661"]
[PlyCount "70"]

1. e4 c5 2. Nf3 d6 3. d4 cxd4 4. Nxd4 Nf6 5. Nc3 a6 6. h3 Nbd7
7. g4 h6 8. f4 e5 9. Nf5 Nc5 10. Bg2 g6 11. Ng3 h5 12. f5 h4
13. Nge2 d5 14. fxg6 d4 15. gxf7+ Kxf7 16. O-O Kg6 17. Nd5 Bg7
18. b4 Ncd7 19. Qd3 Nb6 20. Nxd4 Bd7 21. Nf5 Bb5 22. Nde7+ Kf7
23. Qxd8 Rhxd8 24. Rf2 Rd1+ 25. Kh2 Bf8 26. g5 Bxe7 27. Nxe7
Kxe7 28. gxf6+ Kd6 29. f7 Nd7 30. Bf3 Re1 31. Bg4 Rf8 32. Bxd7
Kxd7 33. Bh6 Rxa1 34. Bxf8 Bc6 35. Bh6 Bxe4 1-0

[Event "Poikovsky Tournament"]
[Site "Poikovsky RUS"]
[Date "2010.06.10"]
[EventDate "2010.06.02"]
[Round "8"]
[Result "1/2-1/2"]
[White "Baadur Jobava"]
[Black "Arkadij Naiditsch"]
[WhiteElo "2715"]
[BlackElo "2686"]
[PlyCount "48"]

1. d4 Nf6 2. c4 e6 3. Nc3 Bb4 4. a3 Bxc3+ 5. bxc3 d5 6. cxd5
exd5 7. e3 O-O 8. Bd3 b6 9. Ne2 c5 10. O-O Ba6 11. dxc5 bxc5
12. Bxa6 Nxa6 13. c4 dxc4 14. Bb2 Ne4 15. Qa4 Qd2 16. Bxg7
Kxg7 17. Qxc4 Rad8 18. Nf4 Rfe8 19. Qxa6 Qd6 20. Qxa7 Qe5
21. Rac1 Rd2 22. f3 Nc3 23. Rce1 Rb8 24. Kh1 Rbb2 1/2-1/2

[Event "Dortmund"]
[Site "Dortmund GER"]
[Date "2010.07.22"]
[EventDate "2010.07.15"]
[Round "7"]
[Result "1/2-1/2"]
[White "Arkadij Naiditsch"]
[Black "Le Quang Liem"]
[WhiteElo "2684"]
[BlackElo "2681"]
[PlyCount "69"]

1. e4 c6 2. d4 d5 3. e5 Bf5 4. Nf3 e6 5. Be2 Ne7 6. O-O c5
7. dxc5 Nec6 8. Bg5 Be7 9. Bxe7 Qxe7 10. c4 dxc4 11. Na3 c3
12. bxc3 Nd7 13. Bb5 Qxc5 14. Nc4 O-O 15. Qxd7 Qxb5 16. Nd6
Qb6 17. Qxb7 Nxe5 18. Qxb6 Nxf3+ 19. gxf3 axb6 20. Nxf5 exf5
21. Rfb1 Ra6 22. a4 Rc8 23. Ra3 Kf8 24. Rb5 g6 25. Kf1 Ke7
26. Ke2 Kd6 27. Rab3 Rc6 28. R3b4 Kc7 29. c4 Ra8 30. Kf1 Ra6
31. Kg2 Kd6 32. Rd5+ Ke6 33. Rdb5 Kd6 34. Rd5+ Ke6 35. Rdb5
1/2-1/2

[Event "Dortmund"]
[Site "Dortmund GER"]
[Date "2010.07.24"]
[EventDate "2010.07.15"]
[Round "9"]
[Result "1-0"]
[White "Arkadij Naiditsch"]
[Black "Vladimir Kramnik"]
[WhiteElo "2684"]
[BlackElo "2790"]
[PlyCount "67"]

1. e4 d6 2. d4 Nf6 3. Nc3 g6 4. Be3 a6 5. Qd2 b5 6. f3 Nbd7
7. Nge2 Nb6 8. Nf4 Bg7 9. a4 b4 10. Ncd5 Nbxd5 11. Nxd5 Nxd5
12. exd5 O-O 13. Qxb4 e6 14. Bc4 Qh4+ 15. Kd1 Bxd4 16. Bxa6 e5
17. Bxc8 Rfxc8 18. c3 Rab8 19. Qc4 c5 20. Bc1 e4 21. cxd4 exf3
22. gxf3 Re8 23. Ra3 Rb4 24. Qf1 Qxd4+ 25. Kc2 c4 26. Qd1 Qf2+
27. Bd2 Re2 28. Ra2 Qxf3 29. Re1 Qb3+ 30. Kb1 Rxe1 31. Qxe1 c3
32. Bxc3 Re4 33. Qf1 Qxd5 34. Ra3 1-0

[Event "Efimenko vs Naiditsch Match"]
[Site "Mukachevo UKR"]
[Date "2010.08.12"]
[EventDate "2010.08.12"]
[Round "1"]
[Result "1/2-1/2"]
[White "Zahar Efimenko"]
[Black "Arkadij Naiditsch"]
[WhiteElo "2689"]
[BlackElo "2684"]
[PlyCount "105"]

1. d4 Nf6 2. c4 e6 3. Nf3 d5 4. g3 dxc4 5. Bg2 c5 6. O-O Nc6
7. dxc5 Qxd1 8. Rxd1 Bxc5 9. Nbd2 c3 10. bxc3 O-O 11. Nb3 Be7
12. Nfd4 Bd7 13. Nxc6 Bxc6 14. Bxc6 bxc6 15. c4 Rfc8 16. Be3
c5 17. Rab1 Ng4 18. Bd2 Ne5 19. Na5 Bd8 20. Bc3 Bxa5 21. Bxe5
f6 22. Bf4 Rd8 23. Bd6 Rac8 24. Be7 Rd4 25. Rxd4 cxd4 26. c5
Bd8 27. Bd6 Bc7 28. Rb7 Bxd6 29. cxd6 Rd8 30. d7 a5 31. Kg2
Kf7 32. Kf3 f5 33. g4 g5 34. Ra7 a4 35. Ra5 Rxd7 36. gxf5 d3
37. exd3 Rxd3+ 38. Kg4 Kf6 39. fxe6 Rd4+ 40. Kf3 Rd3+ 41. Kg2
Ra3 42. Re5 Ke7 43. Rxg5 Kxe6 44. Rh5 Rxa2 45. Rxh7 a3 46. Ra7
Ra1 47. h4 Kf5 48. Ra5+ Kg6 49. Kf3 a2 50. h5+ Kg7 51. Kf4 Rh1
52. Rxa2 Rxh5 53. Ke4 1/2-1/2

[Event "Efimenko vs Naiditsch Match"]
[Site "Mukachevo UKR"]
[Date "2010.08.13"]
[EventDate "2010.08.12"]
[Round "2"]
[Result "1-0"]
[White "Arkadij Naiditsch"]
[Black "Zahar Efimenko"]
[WhiteElo "2684"]
[BlackElo "2689"]
[PlyCount "85"]

1. e4 e5 2. Nf3 Nc6 3. Bb5 Nf6 4. O-O Nxe4 5. d4 Nd6 6. Bxc6
dxc6 7. dxe5 Nf5 8. Qxd8+ Kxd8 9. Nc3 Ke8 10. Bf4 Be6 11. Rfd1
h6 12. g4 Ne7 13. h3 Nd5 14. Bd2 Nxc3 15. Bxc3 c5 16. Kg2 Be7
17. Ng1 h5 18. f3 Rd8 19. Ne2 Rxd1 20. Rxd1 hxg4 21. hxg4 Bg5
22. a3 Ke7 23. Bd2 Bxd2 24. Rxd2 b5 25. Nc3 Rb8 26. Ne4 c4
27. Kg3 a5 28. f4 g6 29. Kh4 b4 30. axb4 axb4 31. Kg5 Rb5
32. Nf6 c3 33. bxc3 bxc3 34. Rh2 Bd5 35. Rh3 Bc6 36. Rxc3 Rb6
37. Rc5 Ra6 38. Kh6 Kf8 39. c4 Rb6 40. Nd5 Bxd5 41. cxd5 Rb7
42. d6 cxd6 43. exd6 1-0

[Event "Efimenko vs Naiditsch Match"]
[Site "Mukachevo UKR"]
[Date "2010.08.16"]
[EventDate "2010.08.12"]
[Round "4"]
[Result "1/2-1/2"]
[White "Arkadij Naiditsch"]
[Black "Zahar Efimenko"]
[WhiteElo "2684"]
[BlackElo "2689"]
[PlyCount "194"]

1. e4 e5 2. Nf3 Nc6 3. Bb5 a6 4. Ba4 Nf6 5. O-O Be7 6. Re1 b5
7. Bb3 O-O 8. c3 d6 9. h3 Na5 10. Bc2 c5 11. d4 Qc7 12. d5 Bd7
13. Nbd2 c4 14. Nf1 Nb7 15. Ng3 a5 16. Nh2 Nc5 17. f4 b4
18. f5 Rab8 19. Re3 Kh8 20. Kh1 Bb5 21. Bd2 b3 22. axb3 cxb3
23. Bb1 a4 24. Nh5 Nxh5 25. Qxh5 g6 26. Qh6 Rg8 27. Rf3 f6
28. Ng4 Be2 29. Rg3 Bxg4 30. Rxg4 gxf5 31. Rh4 Rg7 32. exf5
Rbg8 33. Be3 Bd8 34. g4 Qb7 35. c4 Qb4 36. g5 Qe1+ 37. Bg1
fxg5 38. Rg4 Qf1 39. f6 Qf3+ 40. Kh2 Qxf6 41. Qxf6 Bxf6
42. Bxc5 dxc5 43. Rxa4 e4 44. Rxe4 Bxb2 45. Ra6 g4 46. Rxg4
Be5+ 47. Kh1 Rxg4 48. hxg4 Rxg4 49. d6 Rd4 50. Kg2 b2 51. Ra7
Rxd6 52. Rxh7+ Kg8 53. Rb7 Rf6 54. Rb3 Ra6 55. Kf3 Ra1 56. Bd3
Kf7 57. Ke4 Re1+ 58. Kd5 Bd4 59. Bh7 Kf6 60. Kc6 Ke5 61. Kb5
Kf4 62. Bg6 Rg1 63. Bh7 Rg7 64. Bc2 Rg2 65. Bb1 Rh2 66. Bg6
Ke5 67. Bb1 Rh1 68. Bc2 Re1 69. Bg6 Re2 70. Bh7 Be3 71. Bg6
Bf2 72. Bb1 Rd2 73. Ka4 Bd4 74. Kb5 Kf4 75. Bg6 Be3 76. Ka4
Rg2 77. Bh7 Rg7 78. Bc2 Bd4 79. Kb5 Rg1 80. Bh7 Rc1 81. Bg6
Ke5 82. Bh7 Rd1 83. Bg6 Rd2 84. Bh7 Bg1 85. Ka4 Rh2 86. Bb1
Rg2 87. Ka3 Bd4 88. Ka4 Rd2 89. Bg6 Kd6 90. Kb5 Re2 91. Bh7
Re8 92. Bg6 Rb8+ 93. Ka4 Rg8 94. Bh7 Rg7 95. Bf5 Re7 96. Kb5
Re8 97. Bg6 Rb8+ 1/2-1/2

[Event "Efimenko vs Naiditsch Match"]
[Site "Mukachevo UKR"]
[Date "2010.08.17"]
[EventDate "2010.08.12"]
[Round "5"]
[Result "1/2-1/2"]
[White "Zahar Efimenko"]
[Black "Arkadij Naiditsch"]
[WhiteElo "2689"]
[BlackElo "2684"]
[PlyCount "52"]

1. e4 e5 2. Nf3 Nc6 3. Bb5 f5 4. Nc3 fxe4 5. Nxe4 Nf6 6. Nxf6+
Qxf6 7. Qe2 Be7 8. Bxc6 bxc6 9. Nxe5 O-O 10. O-O Qe6 11. Re1
Bc5 12. Nf3 Qxe2 13. Rxe2 d6 14. d3 Bg4 15. Be3 Bb6 16. Bxb6
cxb6 17. Re3 Bxf3 18. gxf3 Rf6 19. Rae1 Raf8 20. Re6 Rxf3
21. Rxd6 Rxf2 22. Rxc6 h5 23. Rc7 R8f4 24. Re4 Rf1+ 25. Kg2
R1f2+ 26. Kg1 Rf1+ 1/2-1/2

[Event "Efimenko vs Naiditsch Match"]
[Site "Mukachevo UKR"]
[Date "2010.08.18"]
[EventDate "2010.08.12"]
[Round "6"]
[Result "1/2-1/2"]
[White "Arkadij Naiditsch"]
[Black "Zahar Efimenko"]
[WhiteElo "2684"]
[BlackElo "2689"]
[PlyCount "108"]

1. e4 e5 2. Nf3 Nc6 3. Nc3 Bc5 4. Nxe5 Nxe5 5. d4 Bd6 6. dxe5
Bxe5 7. Nd5 c6 8. Ne3 Nf6 9. Bd3 d5 10. exd5 cxd5 11. O-O O-O
12. c3 Re8 13. Nf5 Qc7 14. h3 Ne4 15. Nd4 Qb6 16. Bc2 Bc7
17. Ne2 Qg6 18. Qd3 Bf5 19. Nf4 Bxf4 20. Bxf4 Nxc3 21. Qxc3
Bxc2 22. Rac1 Rac8 23. Rfe1 Red8 24. Bc7 Be4 25. Qg3 Qxg3
26. Bxg3 Rxc1 27. Rxc1 d4 28. Bc7 Rc8 29. f3 Bg6 30. Kf2 f6
31. Ke1 Kf7 32. Kd2 Ke6 33. h4 Kd5 34. Bh2 Rxc1 35. Kxc1 Bd3
36. Kd2 Bf1 37. g4 g5 38. hxg5 fxg5 39. Bc7 h6 40. Ba5 Ke5
41. Ke1 Bc4 42. a3 Be6 43. Bb4 a6 44. Bf8 d3 45. Bxh6 Kf4
46. Kd2 Bc4 47. Kc3 Bb5 48. b4 Bc6 49. Kxd3 Bxf3 50. a4 Bxg4
51. Kd2 Bd7 52. a5 Bb5 53. Ke1 Kf5 54. Kf2 g4 1/2-1/2

[Event "17th Chess Classic Mainz"]
[Site "Mainz GER"]
[Date "2010.08.07"]
[EventDate "2010.08.07"]
[Round "3"]
[Result "1-0"]
[White "Elvira Berend"]
[Black "Arkadij Naiditsch"]
[WhiteElo "2307"]
[BlackElo "2684"]
[PlyCount "73"]

1. e4 c5 2. Nf3 e6 3. d4 cxd4 4. Nxd4 a6 5. Bd3 Bc5 6. Nb3 Ba7
7. O-O Ne7 8. Qe2 Nbc6 9. Be3 e5 10. Bxa7 Rxa7 11. Nc3 d6
12. Rad1 b5 13. a4 b4 14. Nd5 O-O 15. Bc4 Ng6 16. Qe3 Be6
17. Rd2 Qb8 18. Rfd1 Rd8 19. Qb6 Bxd5 20. Qxb8 Nxb8 21. Rxd5
Rad7 22. g3 Kf8 23. Be2 Ke7 24. Na5 Nf8 25. Nc4 Ne6 26. R5d2
Nd4 27. Nb6 Nxe2+ 28. Rxe2 Rb7 29. Nd5+ Ke8 30. Red2 Nc6
31. Kg2 g6 32. Ne3 Ke7 33. Nc4 Nd4 34. c3 Nb3 35. Nxd6 Rbb8
36. Rd5 bxc3 37. bxc3 1-0

[Event "European Rapid Championship"]
[Site "Warsaw POL"]
[Date "2010.12.18"]
[EventDate "2010.12.18"]
[Round "2"]
[Result "1-0"]
[White "Arkadij Naiditsch"]
[Black "Grazyna Szmacinska"]
[WhiteElo "2685"]
[BlackElo "2209"]
[PlyCount "121"]

1. e4 e5 2. Nf3 Nc6 3. Bb5 a6 4. Ba4 Nf6 5. O-O Be7 6. d3 b5
7. Bb3 O-O 8. a4 b4 9. a5 d6 10. Nbd2 h6 11. h3 Be6 12. Nc4
Re8 13. Re1 Bf8 14. c3 bxc3 15. bxc3 Rb8 16. Ba4 Bd7 17. Qc2
Na7 18. Ne3 g6 19. Bb3 Be6 20. Bxe6 Rxe6 21. c4 c5 22. Bd2 Re7
23. Nd5 Reb7 24. Qc1 Kh7 25. Nh2 Ng8 26. Nf1 Nc6 27. Nb6 h5
28. Ne3 Bh6 29. Rf1 Nd4 30. Qd1 Ne6 31. Ned5 Bxd2 32. Qxd2 Qg5
33. f4 exf4 34. Nxf4 Qe5 35. Nfd5 Kg7 36. Rae1 Ne7 37. Nf6 Nc6
38. Kh1 Qd4 39. Nfd5 Ne5 40. Rd1 Nd7 41. Qe1 Nxb6 42. axb6 Qe5
43. Ra1 Ra8 44. Ra2 Nd4 45. Qf2 Nc6 46. Nc7 Rf8 47. Rxa6 Nb4
48. Ra7 Rxb6 49. Nd5 Nxd5 50. Rxf7+ Rxf7 51. Qxf7+ Kh6
52. cxd5 Rb8 53. Qa7 Qh8 54. Qe7 Qd8 55. Qe6 Rb7 56. Rf6 Rg7
57. Qxd6 Qa5 58. Kh2 Qc3 59. Rf3 Kh7 60. e5 Qd4 61. e6 1-0

[Event "European Rapid Championship"]
[Site "Warsaw POL"]
[Date "2010.12.18"]
[EventDate "2010.12.18"]
[Round "3"]
[Result "0-1"]
[White "Laura Rogule"]
[Black "Arkadij Naiditsch"]
[WhiteElo "2362"]
[BlackElo "2685"]
[PlyCount "56"]

1. c4 Nf6 2. Nc3 e5 3. g3 d5 4. cxd5 Nxd5 5. Bg2 Nb6 6. Nf3
Nc6 7. O-O Be7 8. a3 O-O 9. b4 Be6 10. d3 a5 11. b5 Nd4
12. Bb2 f6 13. Nd2 c6 14. a4 cxb5 15. axb5 Qd7 16. Nc4 Nxc4
17. dxc4 Bxc4 18. e3 Bb3 19. Bd5+ Bxd5 20. exd4 e4 21. Ba3
Bxa3 22. Rxa3 f5 23. b6 Bc4 24. Re1 Rfd8 25. Qa1 Qxd4 26. Rd1
Qxb6 27. Rxd8+ Qxd8 28. Qb2 b5 0-1

[Event "European Rapid Championship"]
[Site "Warsaw POL"]
[Date "2010.12.18"]
[EventDate "2010.12.18"]
[Round "5"]
[Result "1-0"]
[White "Zaven Andriasian"]
[Black "Arkadij Naiditsch"]
[WhiteElo "2585"]
[BlackElo "2685"]
[PlyCount "71"]

1. e4 e5 2. Nf3 Nc6 3. Bc4 Bc5 4. c3 Nf6 5. d3 O-O 6. O-O d5
7. exd5 Nxd5 8. Nbd2 Bg4 9. h3 Bh5 10. Ne4 Bb6 11. Ng3 Bg6
12. Re1 Re8 13. Bg5 f6 14. Bd2 Bf7 15. b4 a5 16. b5 Nce7
17. a4 Ng6 18. Qb3 Qd7 19. Rad1 Ndf4 20. Be3 Rad8 21. Qc2 Bxe3
22. Bxf7+ Kxf7 23. Rxe3 Kg8 24. d4 c6 25. Rd2 Qc8 26. Ne4 exd4
27. Rxd4 Rxd4 28. Nxd4 c5 29. Nd6 Rxe3 30. Nxc8 Re1+ 31. Kh2
cxd4 32. cxd4 Re2 33. Qc4+ Kh8 34. Nd6 h5 35. Nf5 Rxf2 36. Qc7
1-0

[Event "European Rapid Championship"]
[Site "Warsaw POL"]
[Date "2010.12.18"]
[EventDate "2010.12.18"]
[Round "7"]
[Result "0-1"]
[White "Krzysztof Jakubowski"]
[Black "Arkadij Naiditsch"]
[WhiteElo "2502"]
[BlackElo "2685"]
[PlyCount "74"]

1. e4 e5 2. Nf3 Nc6 3. Bb5 Nf6 4. O-O Nxe4 5. d4 Nd6 6. Bxc6
dxc6 7. dxe5 Nf5 8. Qxd8+ Kxd8 9. Nc3 Ne7 10. h3 h6 11. Ne2 b6
12. Ng3 c5 13. Re1 Be6 14. Nh5 g5 15. Nh2 Ng6 16. Ng4 Kd7
17. Bd2 Kc6 18. a3 a5 19. Rad1 b5 20. g3 b4 21. f4 gxf4
22. gxf4 c4 23. a4 Nh4 24. Kf2 Nf5 25. Be3 Be7 26. Ke2 Rag8
27. Bf2 Rg6 28. Rg1 Rhg8 29. Nhf6 Rb8 30. Ne4 Ng7 31. Ne3 Rxg1
32. Rxg1 Nf5 33. Nxf5 Bxf5 34. Kf3 Rd8 35. Rg7 Bg6 36. e6 Kd5
37. Ng3 Bf6 0-1

[Event "European Rapid Championship"]
[Site "Warsaw POL"]
[Date "2010.12.18"]
[EventDate "2010.12.18"]
[Round "8"]
[Result "0-1"]
[White "Arkadij Naiditsch"]
[Black "Arturs Neiksans"]
[WhiteElo "2685"]
[BlackElo "2503"]
[PlyCount "58"]

1. e4 c5 2. Nf3 e6 3. d4 cxd4 4. Nxd4 a6 5. Bd3 Nc6 6. Nxc6
dxc6 7. O-O e5 8. Nd2 Qc7 9. a4 Nf6 10. Nc4 Be6 11. Qe1 Bc5
12. b4 Bd4 13. c3 Ba7 14. Be3 Bxc4 15. Bxc4 Bxe3 16. Qxe3 O-O
17. a5 Rfd8 18. f4 exf4 19. Rxf4 Re8 20. Raf1 Re7 21. Qg3 Qe5
22. Kh1 Nh5 23. Qh4 Nxf4 24. Rxf4 Rd7 25. Qg4 Rad8 26. h4 Qxc3
27. Be2 Qxb4 28. e5 Rd4 29. Qg5 Qd2 0-1

[Event "European Rapid Championship"]
[Site "Warsaw POL"]
[Date "2010.12.19"]
[EventDate "2010.12.18"]
[Round "9"]
[Result "0-1"]
[White "Vitalijs Samolins"]
[Black "Arkadij Naiditsch"]
[WhiteElo "2412"]
[BlackElo "2685"]
[PlyCount "54"]

1. e4 e5 2. Nf3 Nc6 3. d4 exd4 4. Nxd4 Bc5 5. Be3 Qf6 6. c3
Nge7 7. Bc4 Bb6 8. O-O O-O 9. Nxc6 Nxc6 10. Bxb6 axb6 11. Nd2
d6 12. Qf3 Qg5 13. Qe2 Be6 14. a3 Bxc4 15. Nxc4 Rae8 16. Qc2
Qg6 17. Rae1 Re7 18. f3 d5 19. Nd2 Rfe8 20. Qd1 dxe4 21. Rxe4
Ne5 22. Rfe1 Qd6 23. Nc4 Nxc4 24. Qxd6 Rxe4 25. Qxc7 Rxe1+
26. Kf2 R1e2+ 27. Kg3 Ne3 0-1

[Event "European Rapid Championship"]
[Site "Warsaw POL"]
[Date "2010.12.19"]
[EventDate "2010.12.18"]
[Round "10"]
[Result "1-0"]
[White "Arkadij Naiditsch"]
[Black "Andrey Vovk"]
[WhiteElo "2685"]
[BlackElo "2546"]
[PlyCount "77"]

1. e4 c5 2. Nf3 e6 3. d4 cxd4 4. Nxd4 a6 5. Bd3 Bc5 6. Nb3 Ba7
7. Qe2 d6 8. Nc3 Nc6 9. Be3 Nge7 10. O-O-O O-O 11. f4 Qc7
12. Bxa7 Rxa7 13. Qh5 Ng6 14. Rhf1 b5 15. f5 b4 16. Ne2 Nge5
17. f6 a5 18. fxg7 Kxg7 19. Qg5+ Ng6 20. Ng3 Qe7 21. Nh5+ Kh8
22. Nf6 Rg8 23. Qb5 Nge5 24. Nxg8 Kxg8 25. Qb6 a4 26. Nd2 b3
27. a3 bxc2 28. Bxc2 Ba6 29. Rf2 Nd3+ 30. Bxd3 Bxd3 31. Nb1
Qg5+ 32. Rdd2 Ra6 33. Qb7 Qc5+ 34. Nc3 Ra7 35. Qc8+ Kg7
36. Rxd3 Qxf2 37. Rg3+ Kh6 38. Qf8+ Kh5 39. Rh3+ 1-0

[Event "European Rapid Championship"]
[Site "Warsaw POL"]
[Date "2010.12.19"]
[EventDate "2010.12.18"]
[Round "11"]
[Result "1/2-1/2"]
[White "Stelios Halkias"]
[Black "Arkadij Naiditsch"]
[WhiteElo "2578"]
[BlackElo "2685"]
[PlyCount "210"]

1. d4 Nf6 2. Nf3 e6 3. c4 d5 4. Nc3 Be7 5. Bg5 O-O 6. e3 h6
7. Bh4 b6 8. Qc2 Bb7 9. Bxf6 Bxf6 10. cxd5 exd5 11. h4 c5
12. O-O-O cxd4 13. exd4 Nc6 14. g4 Qd6 15. Qd2 Be7 16. g5 h5
17. Bb5 a6 18. Bxc6 Bxc6 19. Ne5 Bd7 20. Qd3 g6 21. Nxd7 Qxd7
22. Kb1 Bb4 23. Ne2 Rfe8 24. a3 Bf8 25. Nc3 b5 26. Qh3 Qb7
27. Qf3 Red8 28. Rhe1 b4 29. axb4 Bxb4 30. Re5 Bxc3 31. Qxc3
Rdc8 32. Qd2 a5 33. Rc1 a4 34. Rxc8+ Rxc8 35. Re3 Qd7 36. Qe2
Kf8 37. Ka2 Rc4 38. Qf3 Qf5 39. Qg3 Kg7 40. Rf3 Qe4 41. Rf4
Qe2 42. Qe3 Qxe3 43. fxe3 Rb4 44. Ka3 Rb3+ 45. Kxa4 Rxb2
46. e4 dxe4 47. Rxe4 Rg2 48. d5 Rg4 49. Rb4 f6 50. gxf6+ Kxf6
51. Kb5 Ke5 52. Rxg4 hxg4 53. Kc6 g3 54. d6 g2 55. d7 g1=Q
56. d8=Q Qc1+ 57. Kd7 Kf5 58. Qa5+ Kg4 59. Qb4+ Kh5 60. Ke7
Qf1 61. Qd2 Qf5 62. Qe1 Qf4 63. Qd1+ Kxh4 64. Qh1+ Kg5
65. Qg2+ Kh5 66. Ke8 g5 67. Qh3+ Kg6 68. Qe6+ Qf6 69. Qe4+ Qf5
70. Qc6+ Kg7 71. Qc7+ Kg6 72. Qd6+ Kh5 73. Qh2+ Kg4 74. Qg2+
Kh4 75. Qh1+ Kg4 76. Qg2+ Kf4 77. Qf2+ Ke5 78. Qb2+ Kf4
79. Qf2+ Kg4 80. Qg2+ Kh5 81. Qh2+ Kg6 82. Qd6+ Qf6 83. Qd3+
Kg7 84. Qd7+ Kg8 85. Qd5+ Kh7 86. Qh1+ Kg6 87. Qe4+ Qf5
88. Qc6+ Kg7 89. Qb7+ Kh8 90. Qb2+ Kh7 91. Qh2+ Kg7 92. Qc7+
Kg8 93. Qc4+ Kh8 94. Qc3+ Kh7 95. Qc7+ Kg6 96. Qc6+ Qf6
97. Qe4+ Kg7 98. Qb7+ Kg8 99. Qd5+ Kh7 100. Qb7+ Qg7 101. Qh1+
Qh6 102. Qb7+ Kh8 103. Qb2+ Kh7 104. Qb7+ Qg7 105. Qh1+ Kg6
1/2-1/2

[Event "European Rapid Championship"]
[Site "Warsaw POL"]
[Date "2010.12.19"]
[EventDate "2010.12.18"]
[Round "12"]
[Result "1-0"]
[White "Arkadij Naiditsch"]
[Black "Wojciech Moranda"]
[WhiteElo "2685"]
[BlackElo "2578"]
[PlyCount "129"]

1. e4 c5 2. Nf3 d6 3. d4 cxd4 4. Nxd4 Nf6 5. Nc3 a6 6. h3 e6
7. g4 Be7 8. Bg2 Nfd7 9. O-O Nc6 10. Be3 O-O 11. a4 Nde5
12. Qe2 Nxd4 13. Bxd4 Bd7 14. f4 Nc6 15. Be3 Rc8 16. Rad1 Na5
17. Bc1 b5 18. axb5 axb5 19. e5 d5 20. f5 b4 21. f6 bxc3
22. fxe7 Qxe7 23. b3 Nc6 24. Bf4 f6 25. Kh1 fxe5 26. Bxe5 Nxe5
27. Qxe5 Qc5 28. Rxf8+ Rxf8 29. Rd3 Rc8 30. g5 Qa5 31. Kh2 Qc7
32. Qxc7 Rxc7 33. Kg3 Bb5 34. Rd1 Ra7 35. Kf4 Ra2 36. Rc1 Kf7
37. Ke5 Ke7 38. Kd4 Kd6 39. Kxc3 e5 40. Kb4 Bd3 41. Bxd5 Bxc2
42. Bc4 Bf5 43. Rd1+ Ke7 44. Rd5 Bxh3 45. Rxe5+ Kd6 46. Rd5+
Ke7 47. Re5+ Kd6 48. Rd5+ Ke7 49. Kb5 Rf2 50. Kb6 h6 51. gxh6
gxh6 52. Kc7 Bg4 53. b4 Rc2 54. Re5+ Kf6 55. Rc5 h5 56. b5 h4
57. Rc6+ Ke5 58. b6 Rb2 59. Rc5+ Kd4 60. Rb5 Rc2 61. b7 Rxc4+
62. Kb6 Rc8 63. Rb4+ Kd5 64. Rxg4 Rh8 65. Ka7 1-0

[Event "European Rapid Championship"]
[Site "Warsaw POL"]
[Date "2010.12.19"]
[EventDate "2010.12.18"]
[Round "13"]
[Result "0-1"]
[White "Kirill Stupak"]
[Black "Arkadij Naiditsch"]
[WhiteElo "2530"]
[BlackElo "2685"]
[PlyCount "86"]

1. d4 Nf6 2. g3 d5 3. Nf3 Bf5 4. Bg2 e6 5. O-O h6 6. c4 c6
7. Nc3 Nbd7 8. Nd2 Be7 9. e4 dxe4 10. Ndxe4 Nxe4 11. Nxe4 Nf6
12. Nc3 O-O 13. Be3 Qa5 14. Qe2 Rad8 15. Rfd1 Bg4 16. f3 Bf5
17. a3 Rd7 18. h3 Rfd8 19. f4 Qc7 20. Rac1 Qb8 21. Bf2 h5
22. Rd2 Bd6 23. Be3 Re8 24. Rcd1 Qc7 25. Qf3 a6 26. Qe2 Red8
27. Qf3 Bf8 28. Bf2 Qa5 29. Qe2 Qc7 30. Qf3 Qb8 31. Qe2 Rc8
32. d5 exd5 33. cxd5 Re8 34. Qc4 cxd5 35. Qa4 Qc8 36. Nxd5
Nxd5 37. Rxd5 Rxd5 38. Rxd5 Re2 39. Qd1 Rxb2 40. Qxh5 Qc2
41. Qf3 Be4 42. Qxe4 Qxf2+ 43. Kh2 Re2 0-1

[Event "European Rapid Championship"]
[Site "Warsaw POL"]
[Date "2010.12.19"]
[EventDate "2010.12.18"]
[Round "1"]
[Result "1-0"]
[White "Vugar Gashimov"]
[Black "Arkadij Naiditsch"]
[WhiteElo "2733"]
[BlackElo "2685"]
[PlyCount "59"]

1. c4 Nf6 2. g3 e6 3. Bg2 d5 4. Nf3 dxc4 5. Qa4+ Nbd7 6. Qxc4
a6 7. Qc2 c5 8. a4 Bd6 9. O-O O-O 10. d3 b6 11. Na3 Bb7
12. Nc4 Bc7 13. Bd2 Rc8 14. Qb1 Nd5 15. Rc1 h6 16. e4 Ne7
17. b4 Nc6 18. bxc5 Nxc5 19. Be3 Rb8 20. a5 Ba8 21. axb6 Bxb6
22. Nxb6 Rxb6 23. Qc2 Nb3 24. Bxb6 Nxa1 25. Qb2 Qxd3 26. Qxa1
Qxe4 27. Ne1 Qe2 28. Bxc6 Bxc6 29. Rxc6 Rb8 30. Be3 1-0